00570nam a22001817a 450000500170000001000260001702000260004303500140006903500140008303700130009708200150011010000230012524500930014826000460024127000500028730000260033770000250036320250528171658.0 aENG-118864 ENG-145033 a9788180423369c400.00 aEN-102396 aEN-128565 bDBAD/PUB a954.035092 aAnand, Vidya Sagar aMahatma Gandhi and his apirtual successor:bacharya Vinoba Bhave /cby Vidya Sagar Anand aNew Delhi bModern publishing housec2016 a9, Goal Market, Dareya Ganj, New Delhi-110002 a176pc21cm.(Hb)bill. aLotay, Rajinder Kaur